000 00986nam0a2200289 4500
001 RU\NLR\bibl\415064
005 20260406073815.0
035 _a(NLR Aleph) 000409079
090 _a623507
_c623507
100 _a20030702d2002 |||y0rusy50 ca
101 0 _arus
102 _aRU
105 _aa |||||||||
200 1 _a"Скифия - Русь моя - Россия"
_e[Поэма]
_fИнна Кошевая
205 _a6-е изд., доп.
210 _aМ.
_cИзд-во МГОУ
_d2002
215 _a274,[1] с.
_cил.
_d20
300 _aНа 3-й с. авт.: И.Г. Кошевая, д.филол.н., проф.
316 _aавтограф
_5NLR:2003-3/16451
686 _aШ6(2=Р)75-51
700 1 _4070
_7ca
_8rus
_aКошевая
_bИ. Г.
_f1931-2018
_gИнна Георгиевна
_3RU\NLR\AUTH\770139116
_9139081
801 0 _aRU
_bNLR
_c20030702
_gPSBO
801 1 _aRU
_bNLR
_c20030702
942 _cBOOK
980 _aNB